[Event "POL-chT3 0607"]
[Site "Poland"]
[Date "2007.02.18"]
[Round "8.6"]
[White "Lewandowska, Paulina"]
[Black "Jacher, Paulina"]
[Result "1-0"]
[WhiteElo "1800"]
[BlackElo "1600"]
[PlyCount "111"]
[EventDate "2006.11.12"]
[EventType "team"]
[EventRounds "11"]
[EventCountry "POL"]
[SourceTitle "EXT 2009"]
[Source "ChessBase"]
[SourceDate "2008.11.26"]
[SourceVersion "1"]
[SourceVersionDate "2008.11.26"]
[SourceQuality "1"]

1. e4 d5 2. exd5 Qxd5 3. Nc3 Qa5 4. d4 Nf6 5. Nf3 Bf5 6. Bd2 c6 7. Bc4 Qc7 8. 0-0 h6 9. Re1 e6 10. a3 Be7 11. Qc1 Nbd7 12. h3 Bd6 13. Nh4 Bh7 14. Bb3 0-0 15. Ne2 Ne4 16. Bf4 Bxf4 17. Nxf4 Rfe8 18. Nf3 Ndf6 19. Ne5 Nd5 20. c3 Rad8 21. Bc2 Nef6 22. Nfd3 Nd7 23. Qd1 f6 24. Nc4 c5 25. Ne3 b6 26. Qh5 Qb7 27. Nc4 Qc7 28. Ne3 Qb7 29. dxc5 Nxc5 30. Nxc5 bxc5 31. Bxh7+ Kxh7 32. Nxd5 Qxd5 33. Qxd5 Rxd5 34. Rad1 Rxd1 35. Rxd1 Re7 36. Rd6 e5 37. Rc6 Rb7 38. b4 cxb4 39. axb4 Kg6 40. Kf1 Kf5 41. Rc5 Ke4 42. Ke2 Rd7 43. g3 h5 44. f3+ Kf5 45. Ke3 g5 46. Rc6 Kg6 47. c4 Kf7 48. Ke4 Kg6 49. b5 Rd4+ 50. Ke3 Rd7 51. Rc5 Kf7 52. Rc8 Ke6 53. Rc6+ Rd6 54. Rc5 Rd7 55. f4 gxf4+ 56. gxf4 1-0

[Event "POL-chT3 0607"]
[Site "Poland"]
[Date "2006.11.26"]
[Round "3.6"]
[White "Jacher, Paulina"]
[Black "Kotula, Oktawia"]
[Result "1/2-1/2"]
[WhiteElo "1600"]
[BlackElo "1643"]
[PlyCount "79"]
[EventDate "2006.11.12"]
[EventType "team"]
[EventRounds "11"]
[EventCountry "POL"]
[SourceTitle "EXT 2009"]
[Source "ChessBase"]
[SourceDate "2008.11.26"]
[SourceVersion "1"]
[SourceVersionDate "2008.11.26"]
[SourceQuality "1"]

1. e4 c5 2. Nc3 Nc6 3. Nf3 g6 4. Bc4 Bg7 5. 0-0 Nf6 6. d3 0-0 7. Bf4 d6 8. h3 a6 9. a3 b5 10. Ba2 Bb7 11. Re1 Rc8 12. Rb1 Re8 13. Be3 e6 14. Ne2 Ne7 15. c3 c4 16. Ng3 d5 17. e5 Nd7 18. d4 a5 19. Bd2 Qb6 20. b4 axb4 21. axb4 Ra8 22. Rb2 Ra3 23. Bb1 Qa7 24. Ne2 Ra8 25. Nf4 Nb6 26. Ne2 Qb8 27. Qc2 R8a7 28. Ra2 Qa8 29. Rxa3 Rxa3 30. Bc1 Ra7 31. Ng3 Qf8 32. h4 Bh6 33. h5 Bxc1 34. Rxc1 Qh6 35. hxg6 hxg6 36. Nh2 Nd7 37. Re1 Ra8 38. Re3 Kg7 39. Ne2 Nf5 40. Rh3 1/2-1/2

[Event "Torun op"]
[Site "Torun"]
[Date "2002.??.??"]
[Round "6"]
[White "Jacher, Paulina"]
[Black "Wesolowska, Magdalena"]
[Result "0-1"]
[WhiteElo "1600"]
[BlackElo "1800"]
[PlyCount "66"]
[EventDate "2002.??.??"]
[EventType "swiss"]
[EventRounds "9"]
[EventCountry "POL"]
[SourceTitle "EXT 2007"]
[Source "ChessBase"]
[SourceDate "2006.11.23"]
[SourceVersion "1"]
[SourceVersionDate "2006.11.23"]
[SourceQuality "1"]

1. e4 c5 2. Nc3 Nc6 3. g3 g6 4. Bg2 Bg7 5. Nge2 e6 6. d3 Nge7 7. 0-0 0-0 8. Re1 b6 9. Bg5 Bb7 10. Qc1 d6 11. Nd1 Qd7 12. c3 Rac8 13. Bxe7 Nxe7 14. Ne3 b5 15. Qd2 d5 16. exd5 Nxd5 17. Nxd5 Bxd5 18. Red1 Rfd8 19. Qe1 Qb7 20. Nf4 Bxg2 21. Nxg2 b4 22. cxb4 cxb4 23. Qd2 Rd7 24. Rac1 Rdc7 25. Rxc7 Rxc7 26. Ne3 Qa6 27. b3 Qb5 28. Nc4 a5 29. Nb2 Bxb2 30. Qxb2 Rc3 31. d4 Qc6 32. Qa1 Rc2 33. a3 Qf3 0-1

[Event "Ciechocinek KPZ-ch (Women)"]
[Site "Ciechocinek"]
[Date "2002.??.??"]
[Round "2"]
[White "Jacher, Paulina"]
[Black "Wisniewska, Monika"]
[Result "0-1"]
[WhiteElo "1600"]
[BlackElo "1600"]
[PlyCount "68"]
[EventDate "2002.??.??"]
[EventType "tourn"]
[EventRounds "9"]
[EventCountry "POL"]
[SourceTitle "EXT 2007"]
[Source "ChessBase"]
[SourceDate "2006.11.23"]
[SourceVersion "1"]
[SourceVersionDate "2006.11.23"]
[SourceQuality "1"]

1. e4 c6 2. d4 d5 3. exd5 cxd5 4. Nc3 Nc6 5. Bb5 Nf6 6. Nf3 Bg4 7. h3 Bh5 8. 0-0 e6 9. Be2 Be7 10. Re1 0-0 11. Ne5 Bxe2 12. Rxe2 Nxe5 13. Rxe5 Nd7 14. Re1 Bf6 15. Be3 a6 16. a3 Rc8 17. Qd3 Qc7 18. Rad1 Be7 19. Rd2 Bxa3 20. bxa3 Qxc3 21. Qxc3 Rxc3 22. Ra1 Rfc8 23. Ra2 Nb6 24. Re2 Na4 25. Rd2 R8c6 26. Re2 R3c4 27. Rd2 Rb6 28. Kh1 Rb1+ 29. Kh2 Nc3 30. Rd3 Nxa2 31. Rd2 Rb2 32. c3 Rxd2 33. Bxd2 Nxc3 34. Bxc3 Rxc3 0-1

[Event "Ciechocinek KPZ-ch (Women)"]
[Site "Ciechocinek"]
[Date "2002.??.??"]
[Round "9"]
[White "Kubicka, Iwona"]
[Black "Jacher, Paulina"]
[Result "1-0"]
[WhiteElo "1600"]
[BlackElo "1600"]
[PlyCount "77"]
[EventDate "2002.??.??"]
[EventType "tourn"]
[EventRounds "9"]
[EventCountry "POL"]
[SourceTitle "EXT 2007"]
[Source "ChessBase"]
[SourceDate "2006.11.23"]
[SourceVersion "1"]
[SourceVersionDate "2006.11.23"]
[SourceQuality "1"]

1. c4 e5 2. Nc3 Nc6 3. g3 g6 4. Bg2 Bg7 5. d3 d6 6. Nf3 Nf6 7. 0-0 0-0 8. Bd2 h6 9. Qc1 Kh7 10. a3 a5 11. Ne1 Nd4 12. Qd1 c6 13. Nc2 Nb3 14. Rb1 d5 15. cxd5 cxd5 16. Na1 Nxd2 17. Qxd2 Be6 18. e3 b6 19. Nc2 Qd7 20. d4 exd4 21. Nxd4 Bh3 22. Rfd1 Bxg2 23. Kxg2 Rfd8 24. Nf3 Qe6 25. Nb5 Rac8 26. b4 Ne4 27. Qd3 axb4 28. Rxb4 Nc5 29. Qb1 Rb8 30. Nbd4 Qd6 31. h4 Rd7 32. h5 Ne4 33. hxg6+ fxg6 34. Ne2 Rf7 35. Rxe4 Rd7 36. Rg4 Ra8 37. Nf4 Rxa3 38. Rxg6 Ra1 39. Qc2 1-0

[Event "Ciechocinek KPZ-ch (Women)"]
[Site "Ciechocinek"]
[Date "2002.??.??"]
[Round "5"]
[White "Zajac, Magdalena"]
[Black "Jacher, Paulina"]
[Result "1-0"]
[WhiteElo "2020"]
[BlackElo "1600"]
[PlyCount "87"]
[EventDate "2002.??.??"]
[EventType "tourn"]
[EventRounds "9"]
[EventCountry "POL"]
[SourceTitle "EXT 2007"]
[Source "ChessBase"]
[SourceDate "2006.11.23"]
[SourceVersion "1"]
[SourceVersionDate "2006.11.23"]
[SourceQuality "1"]

1. e4 d5 2. exd5 Qxd5 3. Nc3 Qa5 4. d4 Nf6 5. g3 c6 6. Bg2 Bf5 7. Nf3 e6 8. 0-0 Be7 9. Bf4 Nbd7 10. Qe2 0-0 11. a3 Rfe8 12. Rad1 Qb6 13. Bc1 Bd6 14. Nh4 Bg4 15. f3 Bh5 16. g4 Bg6 17. Nxg6 hxg6 18. Kh1 Qc7 19. f4 Nb6 20. Qf3 Rad8 21. h3 Be7 22. Rfe1 Nbd5 23. Ne2 c5 24. c3 Rd7 25. Ng3 Bd6 26. Ne2 a5 27. f5 gxf5 28. gxf5 exf5 29. Qxf5 Ne3 30. Bxe3 Rxe3 31. dxc5 Bxc5 32. Rxd7 Nxd7 33. Rf1 Ne5 34. Nf4 Qd7 35. Qxd7 Nxd7 36. Bxb7 f6 37. Rd1 Ne5 38. Bg2 Kh8 39. b4 Bb6 40. Nd5 Re2 41. Nxb6 axb4 42. axb4 Rc2 43. Be4 Rxc3 44. Rd8# 1-0